000 00377nam a2200133Ia 4500
008 220217s9999||||xx |||||||||||||| ||und||
020 _a9789353500504
082 _a808
100 _aChauhan, Gajendra Singh and Kashiramka, Smita
_910334
245 0 _aTechnical communication
260 _aCengage learning
_b2019
_c2019
300 _aXXIV, 475p.
_b425
650 _aPlacement
999 _c188902
_d188902